LEADER 01216nam a2200253 i 4500 001 000000255301 003 CaOOAMICUS 005 20170803000000.0 008 170803s1882 it u000 u ita u 013 $a234206 040 $aSeMil$bita 100 1 $aFerrini, Rinaldo <1831-1908>.$0(OLS)http://semarc/name/89490 245 13$aLa luminosita elettrica dei gas e la materia radiante /$cdi Rinaldo Ferrini e P. Pogliaghi. 260 $aMilano :$bFratelli Dumolard,$c1882. 300 $aXV, 315 p., [3] c. di tav. :$bill. ;$c22 cm. 490 0 $aBiblioteca scientifica internazionale ;$v32 650 4$aFisica - Gas - Elettricitą - Fenomeni luminosi.$0(OLS)http://semarc/subject/46923 650 4$aGas - Luminositą elettrica.$0(OLS)http://semarc/subject/46924 700 1 $aPogliaghi, Pietro.$0(OLS)http://semarc/name/94515 830 0$aBiblioteca scientifica internazionale ;$v32.$0(OLS)http://semarc/title/6822 850 $aSeMil 852 $aSeMil$W1$xVenegono$y1$m3W III 11 FA$j205647$B205647$CSeMilBibl$Z2$F218975 $8I 996 $6245$aLa luminosita elettrica dei gas e la materia radiante$9(OLS)http://semarc/title/411583 996 $6260$aMilano :$bFratelli Dumolard$9(OLS)http://semarc/publisher/31337 LEADER 00785nam a2200205 i 4500 001 000000072343 003 CaOOAMICUS 005 20090311000000.0 008 090311s1917 fr u000 u fre u 013 $a43515 040 $aSeMil$bita 100 1 $aLe Bon, Gustave,$d<1841-1931>.$0(OLS)http://semarc/name/31261 245 10$aAphorismes du temps present /$cGustave Le Bon. 260 $aParis :$bE. Flammarion,$c1917. 300 $a197 p. ;$c14 cm. 650 4$aAforismi e sentenze - Francia.$0(OLS)http://semarc/subject/14568 850 $aSeMil 852 $aSeMil$W1$xVenegono$y1$m2Q I 80$j38496$B38496$CSeMilBibl$Z2$F38499 $81 996 $6245$aAphorismes du temps present$9(OLS)http://semarc/title/116574 996 $6260$aParis :$bE. Flammarion$9(OLS)http://semarc/publisher/35744